Everyone to Receive an Electoral Vote but it's 2090 - Statistics

General Stats
  • This quiz has been taken 41 times
    5 since last reset
  • The average score is 38 of 148
Answer Stats
Rank EVs Answer Years Received Party % Correct
7 958 Donald Trump 2016, 2020, 2024 Republican
100%
60 203 George Washington 1789, 1792, 1796 Independent
100%
11 697 Barack Obama 2008, 2012 Democratic
75%
58 211 James Vance 2028 Republican
75%
25 422 Joseph Biden 2020, 2024 Democratic
75%
41 266 Albert Gore 2000 Democratic
50%
38 287 Alexandria Ocasio-Cortez 2040 Democratic
50%
20 496 Andrew Jackson 1824, 1828, 1832 Democratic-Republican (1824),Democratic (1828, 1832)
50%
30 378 Benjamin Harrison 1888, 1892 Republican
50%
88 89 DeWitt Clinton 1812 Federalist
50%
8 899 Dwight Eisenhower 1952, 1956 Republican
50%
1 1,876 Franklin Roosevelt 1932, 1936, 1940, 1944 Democratic
50%
14 594 George Bush 1988, 1992 Republican
50%
17 557 George Bush 2000, 2004 Republican
50%
94 66 George Clinton 1789, 1792, 1796, 1808 Anti-Federalist (1789), Democratic-Republican (1792, 1796, 1808)
50%
50 240 Gerald Ford 1976 Republican
50%
13 664 Grover Cleveland 1884, 1888, 1892 Democratic
50%
35 303 Harold Truman 1948 Democratic
50%
61 191 Henry Clay 1824, 1832, 1844 Democratic-Republican (1824), National Republican (1832), Whig (1844)
50%
18 503 Herbert Hoover 1928, 1932 Republican
50%
53 227 Hillary Clinton 2016 Democratic
50%
61 191 Hubert Humphrey 1968 Democratic
50%
31 346 James Carter 1976, 1980 Democratic
50%
26 411 James Monroe 1820, 1824 Democratic-Republican
50%
68 170 James Polk 1844 Democratic
50%
32 335 Jerry Kennedy 2080 Democratic
50%
48 247 John Adams 1789, 1792, 1796, 1800 Federalist
50%
69 168 John Adams 1820, 1824, 1828 Democratic-Republican (1820, 1824), National Republican (1828)
50%
35 303 John Kennedy 1960 Democratic
50%
46 251 John Kerry 2004 Democratic
50%
67 173 John McCain 2008 Republican
50%
15 590 Kamala Harris 2028, 2032 Democratic
50%
42 263 Lee Jackson 2080 Libertarian
50%
22 486 Lyndon Johnson 1964 Democratic
50%
59 206 Mitt Romney 2012 Republican
50%
5 1,040 Richard Nixon 1960, 1968, 1972 Republican
50%
126 6 Robert Harrison 1789 Federalist
50%
3 1,326 Robert Johnson 2048, 2052, 2056, 2060 Libertarian
50%
6 1,015 Ronald Reagan 1976, 1980, 1984 Republican
50%
113 15 Samuel Adams 1796 Democratic-Republican
50%
132 2 Samuel Johnson 1796 Federalist
50%
75 154 Steven Reagan 2064, 2068 Socialist
50%
24 424 Theodore Roosevelt 1904, 1912 Republican
50%
37 288 Thomas Dewey 1944, 1948 Republican
50%
51 239 Thomas Jefferson 1792, 1796, 1800, 1804 Democratic-Republican
50%
19 500 Ulysses Grant 1868, 1872 Republican
50%
117 13 Walter Mondale 1984 Democratic
50%
9 749 William Clinton 1992, 1996 Democratic
50%
34 307 William Harrison 1836, 1840 Whig
50%
16 563 William McKinley 1896, 1900 Republican
50%
33 329 William Taft 1908, 1912 Republican
50%
10 712 Woodrow Wilson 1912, 1916 Democratic
50%
28 392 Abraham Lincoln 1860, 1864 Republican, National Union
25%
123 8 Alf Landon 1936 Republican
25%
87 95 Andon Edwards 2056 Democratic
25%
97 52 Barry Goldwater 1964 Republican
25%
136 1 Benjamin Lincoln 1789 Federalist
25%
43 260 Benjamin Shapiro 2040, 2044 Republican
25%
29 382 Calvin Coolidge 1924 Republican
25%
23 485 Carlynn Lynch 2068, 2072 Libertarian
25%
44 254 Charles Hughes 1916 Republican
25%
81 124 Charles Pinckney 1796, 1800, 1804, 1808 Federalist
25%
49 242 Christopher Meier 2064 Libertarian
25%
69 164 Clay Lynch 2044 Libertarian
25%
44 254 Franklin Pierce 1852 Democratic
25%
112 17 George McGovern 1972 Democratic
25%
98 46 George Wallace 1968 Segregationist Democratic
25%
113 15 Harold Byrd 1960 Segregationist Democratic
25%
91 80 Horatio Seymour 1868 Democratic
25%
4 1,082 Jacob Winterton 2064, 2068, 2072, 2076 Democratic
25%
99 42 Jamal Debbs 2048, 2052 Socialist
25%
65 182 James Blaine 1884 Republican
25%
66 174 James Buchanan 1856 Democrat
25%
47 250 James Madison 1808, 1812 Democratic-Republican
25%
104 39 John Bell 1860 Constitutional Union
25%
93 72 John Breckinridge 1860 Southern Democratic
25%
136 1 John Edwards 2004 Democratic
25%
40 280 Joseph Manchin 2060 Democratic
25%
12 670 Krysten Sinema 2044, 2048 Independent
25%
76 152 Lester Peterson 2088 Democratic
25%
92 79 Marianne Williamson 2036 Democratic
25%
52 230 Martin Van Buren 1836, 1840 Democratic
25%
83 111 Michael Dukakis 1988 Democratic
25%
2 1,450 Michael Lynch 2032, 2036, 2084 Republican, Independent
25%
73 159 Robert Dole 1996 Republican
25%
106 34 Rufus King 1816 Federalist
25%
63 185 Rutherford Hayes 1876 Republican
25%
96 59 Thomas Pinckney 1796 Federalist
25%
54 220 Tulsi Gabbard 2052 Independent
25%
27 404 Warren Harding 1920 Republican
25%
90 82 Wendell Willkie 1940 Republican
25%
21 493 William Bryan 1896, 1900, 1908 Democratic
25%
99 42 Winfield Scott 1852 Whig
25%
86 104 Aaron Burr 1792, 1796, 1800 Democratic-Republican
0%
72 162 Adlai Stevenson 1952, 1956 Democratic
0%
109 21 Alberto Davis 2056 Socialist
0%
89 87 Albert Smith 1928 Democratic
0%
77 140 Alton Parker 1904 Democratic
0%
111 18 Benjamin Brown 1872 Liberal Republican/Democratic
0%
136 1 Bernie Sanders 2016 Socialist
0%
132 2 Charles Jenkins 1872 Democratic
0%
129 3 Colin Powell 2016 Republican
0%
116 14 Daniel Webster 1836 Whig
0%
136 1 David Davis 1872 Liberal Republican
0%
136 1 Edward Telfair 1789 Anti-Federalist
0%
136 1 Faith Spotted Eagle 2016 Democratic
0%
109 21 George McClellan 1864 Democratic
0%
95 63 Grace McDonald 2088 Anti-Secularist
0%
85 105 Hank Phinch 2076 Socialist
0%
129 3 Horace Greeley 1872 Liberal Republican/Democratic
0%
107 26 Hugh White 1836 Whig
0%
136 1 James Armstrong 1789 Federalist
0%
79 127 James Cox 1920 Democratic
0%
136 1 James Donaldson 2052 Democratic
0%
56 214 James Garfield 1880 Republican
0%
129 3 James Iredell 1796 Federalist
0%
108 22 James Weaver 1888 Populist
0%
78 136 John Davis 1924 Democratic
0%
120 11 John Floyd 1832 Nullifier
0%
82 114 John Frémont 1856 Republican
0%
128 4 John Hancock 1789 Federalist
0%
132 2 John Henry 1796 Democratic-Republican
0%
136 1 John Hospers 1972 Libertarian
0%
113 15 John Jay 1789, 1796, 1800 Federalist
0%
136 1 John Kasich 2016 Republican
0%
38 287 John McBang 2088 Socialist
0%
136 1 John Milton 1789 Federalist
0%
126 6 John Rutledge 1789 Federalist
0%
99 42 Joseph Pershing 2060 Socialist
0%
79 127 Lewis Cass 1848 Democratic
0%
123 8 Millard Filmore 1856 American
0%
84 107 Norman Coast 2072 Socialist
0%
120 11 Oliver Ellsworth 1796 Federalist
0%
117 13 Robert LaFollette 1924 Progressive
0%
136 1 Ron Paul 2016 Libertarian
0%
57 214 Ruben Driller 2088 Libertarian
0%
132 2 Samuel Huntington 1789 Federalist
0%
64 184 Samuel Tilden 1876 Democratic
0%
119 12 Stephen Douglas 1860 Northern Democratic
0%
104 39 Strom Thurmond 1948 Dixiecrat
0%
99 42 Thomas Hendricks 1872 Democratic
0%
55 217 Tyler Pickering 2076 Libertarian
0%
136 1 Walter Jones 1956 Segregationist Democrat
0%
103 41 William Crawford 1824 Democratic-Republican
0%
125 7 William Wirt 1832 Anti-Masonic
0%
120 11 Willie Mangum 1836 Whig
0%
74 155 Winfield Hancock 1880 Democratic
0%
71 163 Zachary Taylor 1848 Whig
0%
No matching quizzes found
Score Distribution
Percent of People with Each Score
Percentile by Number Answered
Your Score History
You have not taken this quiz since the last reset